000 00802nam a2200229 i 4500
001 96590
003 ES-MaACL
005 20250814063223.0
007 t|
008 050628s1972 sp ||||1| spa d
100 1 _aMaldonado, Luis,
_d1930-
_9143125
245 1 0 _aNuevas vías de pertenencia a la Iglesia
_b: identidad y participación /
_cLuis Maldonado Arenas, C. Floristán, A. Pascual.
260 _aMadrid :
_bMarova,
_c1972.
300 _a114 p. ;
_c21 cm.
490 1 _aExperiencias y Estudios Pastorales
650 4 _aHistoria eclesiástica-
_yS.XX.
_9146437
700 1 _aFloristán, Casiano (
_d1926-2006)
_951340
700 1 _aPascual, A.
_989338
830 0 _aExperiencias y Estudios Pastorales
_9232255
852 _aES-MaACL
_jC-45139
_bR.81050
999 _c96590
_d96590